00434nam a2200181Ia 4500003000400000005001700004008004100021040000700062041000800069082001900077100001900096245003300115260005600148300000700204365001300211650000800224650002000232OSt20230606105914.0210423s2010 xx 000 0 und d cAL aeng a340 223bPULK aPULIANI (S),Ed aKarnataka education act 1983 aBangalorebKarnataka Law Journal Publicationsc2010 bPB b750cINR aLaw aSocial Sciences